000 00409nam a2200181Ia 4500
003 OSt
005 20251111090528.0
008 250729s2006 xx 000 0 und d
040 _cAL
041 _aeng
082 _a320 RAMI
100 _aRaman B S
_9224152
245 _aIndian constitution
260 _aMangalore
_c2006
300 _a278p
650 _aPolitical Science
_9224153
942 _2ddc
_cBED
999 _c236269
_d236269